Central Library OPAC University of Rajshahi

Law of writ procedure : (Record no. 4559)

MARC details
000 -LEADER
fixed length control field 00998nam a2200241 a 4500
001 - CONTROL NUMBER
control field 4559
003 - CONTROL NUMBER IDENTIFIER
rucl marc code BD-RjUL
005 - DATE AND TIME OF LATEST TRANSACTION
control field 20211208233920.0
008 - FIXED-LENGTH DATA ELEMENTS--GENERAL INFORMATION
fixed length control field 160803s1968 pk 001 0 eng
035 ## - SYSTEM CONTROL NUMBER
System control number (BD-RjUL)4594
040 ## - CATALOGING SOURCE
Original cataloging agency DLC
Transcribing agency CarP
Modifying agency DLC
-- BD-RjUL
Language of cataloging eng
041 ## - LANGUAGE CODE
Language code of text/sound track or separate title eng
082 ## - DEWEY DECIMAL CLASSIFICATION NUMBER
Author mark and year FAL 1968
Classification number 347.5491
Edition number 23
100 1# - MAIN ENTRY--PERSONAL NAME
Personal name Farani, M.
Fuller form of name (Merajuddin),
Dates associated with a name 1935-
9 (RLIN) 14398
245 10 - TITLE STATEMENT
Title Law of writ procedure :
Remainder of title judicial review in Pakistan /
Statement of responsibility, etc. M. Farani
260 ## - PUBLICATION, DISTRIBUTION, ETC. (IMPRINT)
Place of publication, distribution, etc. Lahore :
Name of publisher, distributor, etc. Lahore Law Times Publications,
Date of publication, distribution, etc. 1968.
300 ## - PHYSICAL DESCRIPTION
Pagination xi, 439 p. ;
Size 22 cm.
500 ## - GENERAL NOTE
General note containing historical and uptodate account of the extraordinary legal remedies as developed by our superior courts in controlling administrative actions with a fairly detailed reference to English precedents and comparisons with American and Indian law on the subject,
504 ## - BIBLIOGRAPHY, ETC. NOTE
Bibliography, etc Includes index.
650 #0 - SUBJECT ADDED ENTRY--TOPICAL TERM
Topical term or geographic name as entry element Writs
Geographic subdivision Pakistan.
9 (RLIN) 14399
Topical term or geographic name as entry element Judicial review of administrative acts
Geographic subdivision Pakistan.
9 (RLIN) 14400
942 ## - ADDED ENTRY ELEMENTS (KOHA)
Source of classification or shelving scheme Dewey Decimal Classification
Koha item type Books
Holdings
Lost status Source of classification or shelving scheme Damaged status Not for loan Collection code Permanent Location Current Location Date acquired Source of acquisition Cost, normal purchase price Total Checkouts Full call number Date last seen Copy number Koha item type Shelving location
  Dewey Decimal Classification     Non-fiction Central Library, University of Rajshahi Central Library, University of Rajshahi 24/08/1972 Warsi book co. 15.00   347.5491 FAL 1968 23/12/2013 C-4 Books  
  Dewey Decimal Classification     Non-fiction Central Library, University of Rajshahi Central Library, University of Rajshahi 22/08/1972 Warin book corp. 15.00   347.5491 FAL 1968 04/08/2016 C-2 Books  
  Dewey Decimal Classification     Non-fiction Central Library, University of Rajshahi Central Library, University of Rajshahi 22/08/1972 Warin book corp. 15.00   347.5491 FAL 1968 04/08/2016 C-3 Books